Principles of chemical engineering processes (Record no. 39354)

000 -LEADER
fixed length control field 00619nam a2200217 i 4500
001 - CONTROL NUMBER
control field 39354
003 - CONTROL NUMBER IDENTIFIER
control field BD-DhUET
008 - FIXED-LENGTH DATA ELEMENTS--GENERAL INFORMATION
fixed length control field 141010s2015 flua b 001 0 eng
020 ## - INTERNATIONAL STANDARD BOOK NUMBER
International Standard Book Number 9781482222289
040 ## - CATALOGING SOURCE
Original cataloging agency DLC
Language of cataloging eng
Transcribing agency DLC
Modifying agency BD-DhUET
082 ## - DEWEY DECIMAL CLASSIFICATION NUMBER
Classification number 660
Item number GHA/2015
100 ## - MAIN ENTRY--PERSONAL NAME
Personal name Ghasem, Nayef
245 10 - TITLE STATEMENT
Title Principles of chemical engineering processes
Remainder of title material and energy balances
250 ## - EDITION STATEMENT
Edition statement 2nd ed.
260 ## - PUBLICATION, DISTRIBUTION, ETC. (IMPRINT)
Place of publication, distribution, etc. Boca Raton
Name of publisher, distributor, etc. CRC Press
Date of publication, distribution, etc. 2015
300 ## - PHYSICAL DESCRIPTION
Extent xxi,446p.
Other physical details illustrations
Dimensions 25 cm
504 ## - BIBLIOGRAPHY, ETC. NOTE
Bibliography, etc Includes bibliographies
650 #0 - SUBJECT ADDED ENTRY--TOPICAL TERM
Topical term or geographic name as entry element Chemical engineering
700 ## - ADDED ENTRY--PERSONAL NAME
Personal name Henda, Redhouane
942 ## - ADDED ENTRY ELEMENTS (KOHA)
Koha item type General Book
Holdings
Koha item type Sublocation or collection (holding branch) Copy number Koha date last seen Location (home branch) Not for loan Koha date last borrowed Piece designation (barcode) Damaged status Shelving location Koha issues (times borrowed) Withdrawn status Lost status Source of classification or shelving scheme Date acquired Price effective from Koha normalized classification for sorting Koha full call number
General BookCentral Library, BUET12024-09-22Central Library, BUET 2024-09-08114404 Circulation section1   2016-05-222016-08-30660_000000000000000_GHA_2015660/GHA/2015
General BookCentral Library, BUET22024-12-11Central Library, BUET 2024-11-19114405 Circulation section1   2016-05-222016-08-30660_000000000000000_GHA_2015660/GHA/2015